MARC

LEADER 00000nam^a2200000^a^4500
001 000190974
005 20250521000000.0
009 20260310102510.181
037 |a Acervo ITESO - Biblioteca 
041 |a ESP 
082 |a 972. 35203  |b CHA V. 1 
100 |a Chávez Hayhoe, Arturo  |e (autor) 
240 1 1 |a [Guadalajara en el siglo XVI] 
245 1 0 |a Guadalajara en el siglo XVI /  |c A. Chávez Hayhoe. 
264 |a Guadalajara, México :  |b Banco Refaccionario de Jalisco,  |c 1953 
300 |a 245 p. 
336 |a texto  |b txt  |2 rdacontenido 
337 |a sin mediación  |b n  |2 rdamedio 
338 |a volumen  |b nc  |2 rdasoporte 
649 |a XX 
650 |a Hospitales -  |z Guadalajara, Jalisco -  |x Historia -  |y Siglo XVI 
650 |a Hospitales -  |z México -  |x Historia -  |y Siglo XVI 
650 |a Salud Pública -  |z Guadalajara, Jalisco -  |x Historia -  |y Siglo XVI 
650 |a Salud Pública -  |z México -  |x Historia -  |y Siglo XVI 
650 |a Sistema de Transporte -  |z Guadalajara, Jalisco -  |x Historia -  |y Siglo XVI 
650 |a Sistema de Transporte -  |z México -  |x Historia -  |y Siglo XVI 
650 |a Vida Cotidiana -  |z Guadalajara, Jalisco -  |x Historia -  |y Siglo XVI 
650 |a Vida Cotidiana -  |z México -  |x Historia -  |y Siglo XVI 
650 |a Guadalajara, Jalisco -  |x Historia -  |y Siglo XVI -  |x Tema Principal 
650 |a Guadalajara, Jalisco -  |x Historia -  |y Epoca Colonial, 1517-1821 
650 |a México -  |x Historia -  |y Siglo XVI 
650 |a México -  |x Historia -  |y Epoca Colonial, 1517-1821 
910 |a Fondo Julio de la Peña Lomelín 
920 |a Impresos - Libros 
930 |a Arquitectos Jaliscienses 
905 |a 115 
901 |a 0500134956  |b IT1  |c JAL  |u 20250521 
902 |a https://opac.biblio.iteso.mx/vufind/Record/000190974